000 00389nam a2200157Ia 4500
008 221220s9999 xx 000 0 und d
020 _a978-93-8999-147-5
041 _aEnglish
100 _aS. Sarkar
245 0 _aLaw & Evidence Vol. 1
_cby S. Sarkar, V. K. Rao
260 _bLexis Nexis
_aHaryana
_c2022
300 _a2063
650 _aLaw
700 _aV. K. Rao
942 _2DDC
_cBK
999 _c19183
_d19183